000 00642nam a22001817a 4500
005 20251108164813.0
008 250721s1985 xx 000 0 ara d
082 1 4 _a370.9564/صال
100 1 _aصالح، عبد الجواد
245 1 0 _aالإحتلال الإسرائيلي و أثره على المؤسسات الثقافية و التربوية في فلسطين المحتلة /
264 1 _aلندن :
_bمركز القدس للدراسات الأنمائية،
_c1985.
300 _a430ص
650 1 7 _aالتربية
650 1 7 _aفلسطين
650 1 7 _aتاريخ التربية
942 _2ddc
_cBK
999 _c14747
_d14747